000 00461nam a22001577a 4500
003 Macl
005 20241018124427.0
008 241018b |||||||| |||| 00| 0 eng d
040 _cMacl
082 _a510
100 _aपीयूष सर
_982503
245 _aसंकल्‍प SSC_GD कॉन्‍स्‍टेबल 2025
260 _aनई दिल्‍ली
_bअरिहंत
_c2024
650 _aगणित
942 _2ddc
_cC. BOOKS
999 _c67023
_d67023